| 000 | 00000nam##2200000za#4500 |
| 001 | 9.590328 |
| 003 | CaOODSP |
| 005 | 20210624200055 |
| 007 | cr ||||||||||| |
| 008 | 150406|2009||||xxc|||||o f|0| 0 fre|d |
| 022 | |a1701-1280 |
| 040 | |aCaOODSP|bfre |
| 041 | |aeng |
| 041 | |afre |
| 043 | |an-cn--- |
| 086 | 1 |aFs70-4/2009-050-PDF |
| 110 | 1 |aCanada. |bMinistère des pêches et des océans. |
| 245 | 10|aCompte rendu du processus de consultation scientifique zonal sur la morue franche en 2009 : |h[ressource électronique]|bDu 24 février au 6 mars 2009, Salle Harbourview, Delta St. John's Hotel and Conference Centre, 120, rue New Gower, St. John's T.-N.-L / |cPrésidents de réunion : Jake Rice and Noel Cadigan; Éditeur : D.B. Atkinson. |
| 260 | |aSt. John's - Terre-Neuve et Labrador : |bPêches et Océans Canada |cMars 2010. |
| 300 | |a302p.|bréférences |
| 490 | 1 |aSecrétariat canadien de consultation scientifique, série des comptes rendus|x1701-1280|v2009/050 |
| 590 | |a14-20-Supp|b2014-11-25 |
| 791 | |tProceedings of the Zonal Advisory Process for Atlantic cod for 2009 : |eeng|w(CaOODSP)9.590327 |
| 830 | #0|aCompte rendu (Secrétariat canadien de consultation scientifique)|x1701-1280|v2009/050|w(CaOODSP)9.500508 |
| 856 | 40|ahttp://publications.gc.ca|qPDF|s1434 Ko|uhttps://publications.gc.ca/collections/collection_2014/mpo-dfo/Fs70-4-2009-050.pdf|y2009/050 |